Tous les pays avec des présidents - Statistiques

Statistiques générales
  • Ce quiz a été pris 88 fois
  • Le résultat moyen est 50 sur 86
Statistiques - réponses
Form of government Réponse % Correct
Régime semi-présidentiel France
99%
Régime présidentiel Etats-unis
92%
Régime semi-présidentiel Russie
89%
Régime présidentiel Bresil
82%
Régime semi-présidentiel Algerie
80%
Régime semi-présidentiel Pologne
78%
Régime présidentiel Mexique
77%
Régime semi-présidentiel Portugal
77%
Régime présidentiel Argentine
76%
Régime semi-présidentiel Egypte
75%
Régime présidentiel Turquie
75%
Régime semi-présidentiel Ukraine
75%
Régime présidentiel liées à un régime parlementaire Coree du Sud
73%
Régime présidentiel Colombie
72%
Régime semi-présidentiel Tunisie
72%
Régime présidentiel Uruguay
72%
Régime présidentiel Venezuela
72%
Régime semi-présidentiel République Démocratique du Congo
71%
Régime semi-présidentiel République du Congo
71%
Régime présidentiel Chili
70%
Régime présidentiel Paraguay
68%
Régime présidentiel Équateur
66%
Régime présidentiel liées à un régime parlementaire Perou
66%
Régime présidentiel Senegal
66%
Régime présidentiel Bolivie
65%
Régime présidentiel liées à un régime parlementaire Guinee
65%
Régime présidentiel Honduras
65%
Régime présidentiel Panama
63%
Régime présidentiel Indonesie
62%
Régime présidentiel Salvador
62%
Régime présidentiel Zambie
61%
Régime présidentiel Iran
59%
Régime semi-présidentiel Mali
59%
Régime présidentiel Costa Rica
58%
Régime présidentiel liées à un régime parlementaire Gabon
58%
Régime présidentiel Ghana
58%
Régime semi-présidentiel Madagascar
58%
Régime présidentiel Nicaragua
58%
Régime semi-présidentiel Niger
58%
Régime présidentiel Zimbabwe
58%
Régime présidentiel Afghanistan
57%
Régime présidentiel liées à un régime parlementaire Biélorussie
57%
Régime présidentiel liées à un régime parlementaire Cameroun
57%
Régime semi-présidentiel Mauritanie
57%
Régime présidentiel Nigeria
57%
Régime semi-présidentiel Syrie
57%
Régime présidentiel Angola
56%
Régime semi-présidentiel Azerbaïdjan
56%
Régime présidentiel liées à un régime parlementaire Kazakhstan
56%
Régime présidentiel Tchad
56%
Régime présidentiel Turkmenistan
56%
Régime présidentiel Benin
54%
Régime présidentiel Guatemala
54%
Régime présidentiel Soudan du Sud
54%
Régime présidentiel liées à un régime parlementaire Côte d'Ivoire
53%
Régime présidentiel liées à un régime parlementaire Guinée Équatoriale
53%
Régime semi-présidentiel Roumanie
53%
Régime présidentiel liées à un régime parlementaire Rwanda
53%
Régime semi-présidentiel Guinée-Bissau
52%
Régime semi-présidentiel Haiti
52%
Régime semi-présidentiel Lituanie
52%
Régime semi-présidentiel Mozambique
52%
Régime semi-présidentiel Namibie
52%
Régime présidentiel liées à un régime parlementaire République centrafricaine
52%
Régime présidentiel Kenya
51%
Régime présidentiel liées à un régime parlementaire Kirghizistan
51%
Régime présidentiel Liberia
51%
Régime présidentiel liées à un régime parlementaire Tadjikistan
51%
Régime présidentiel Gambie
49%
Régime présidentiel République Dominicaine
49%
Régime présidentiel Burundi
48%
Régime présidentiel Comores
47%
Régime semi-présidentiel Burkina Faso
46%
Régime présidentiel Chypre
46%
Régime présidentiel Seychelles
44%
Régime présidentiel Sierra Leone
44%
Régime présidentiel liées à un régime parlementaire Djibouti
43%
Régime présidentiel Philippines
43%
Régime semi-présidentiel Cap-Vert
42%
Régime présidentiel Maldives
41%
Régime présidentiel Malawi
39%
Régime semi-présidentiel Mongolie
39%
Régime semi-présidentiel Sri Lanka
39%
Régime semi-présidentiel São Tomé et Príncipe
35%
Régime semi-présidentiel Timor oriental
25%
Régime présidentiel Palaos
23%
Aucun quiz correspondant
Distribution des résultats
% des personnes avec chaque résultat
Percentile par nombre de réponses
Votre historique - résultats
Vous n’avez pas pris ce quiz